000
00353nam a2200169Ia 4500
005
20250423095907.0
008
250422s9999 xx 000 0 und d
020
_a
975-486-581-7
050
_a
QA 76.73 .J38/
245
0
_a
Java
260
_a
Istanbul
260
_b
Beta
260
_c
1997
300
_a
751 p
650
_a
Computer
942
_c
BK
999
_c
31651
_d
31651